Регионална библиотека "Любен Каравелов" - Русе

Прагматична дидактика (Запис номер 509919)

MARC детайли
000 -Лидер
Контролно поле с фиксирана дължина 01113nam a2200289 c 4500
003 - Код на организацията, давaща контролен номер
Контролно поле BLK
005 - Дата и час на последна редакция
Контролно поле 20250709095236.0
008 - Елементи от данни с фиксирана дължина
fixed length control field 180413b bul|||||r ||||||| ||bul||
020 ## - Международен стандартен номер на книга ISBN
Международен стандартен номер на книга ISBN 9789540917634
040 ## - Източник на каталожния запис
Идентификатор на билиотеката - собственик на записа BLK
041 ## - Код за език
Код за езика на текст/звукозапис или на отделно заглавие Български
Код за езика КДБФ Български
080 ## - УДК
Текстов определител УДК Общи въпроси на дидактиката и методиката
УДК код - определител по УДК 37.02
УДК - код + определител 37.02(075)
100 1# - Редна дума - Автор
Автор Колишев, Николай Стоянов
Авторска отговорност първи автор
R(LIN) 81540
139 ## - Редно поле
Редна дума Колишев, Николай Стоянов
Авторски знак Колев - К 78
245 10 - Сведения за заглавието
Заглавие Прагматична дидактика
Редно поле (дума) Николай Стоянов Колишев.
257 ## - Страна на издаване
Страна на създаване/издаване България
260 ## - Област на издателските данни
Име на издателя, разпространителя и проч. Захарий Стоянов
Година на издаване 2024
9 (RLIN) 209473
Място на издаване, разпространение и проч. София
Издателство - префикс ISBN 978-954-739- ; 978-954-09- ; 954-9559-
300 ## - Физическа характеристика
Страници 584 с. : с табл., сх.
Размери/Мащаб 21 см
380 ## - Жанр
Жанр Обществени науки
504 ## - Забележка за наличие на библиография и др
Забележка за наличие на библиография и под. Библиогр.: с. 523-532
650 #0 - Допълнително описание по предмет – тема
Основно описание – тема или топоним Дидактика - учебници
9 (RLIN) 402989
852 ## - Местоположение
Форматна сигнатура Цб 322640
Фондова буква Хранилище
856 4# - Електронен адрес и достъп
Електронен формат pdf - файл
Път до файла /url/
856 4# - Електронен адрес и достъп
Електронен формат pdf - файл
Път до файла /url/
942 ## - АРТИКУЛИ
Вид на библиотечния материал Книги
Скрит в OPAC Не
Koha issues (borrowed), all copies 5
944 ## - СЪЗДАВАНЕ И РЕДАКЦИЯ на ЗАПИСА
Дата на регистрацията/редакция Нора Радева
Служител, извършил регистрацията/редакцията 30530
Статус, дата на статуса Минев Младен
999 ## - СИСТЕМНИ КОНТРОЛНИ НОМЕРА
Koha biblionumber 509919
Koha biblioitemnumber 509919
Наличности
Код за отписване Код за изгубен артикул Източник на класификационната схема Код за повреда Код за отдаване Артикулен № Име на библиотеката - собственик Име на библиотеката, в която се намира в момента Статус (Текущо местоположение) Дата на вписване в системата Местоположение - отдел Цена в лева Инвентарен номер Систематично азбучна сигнатура Баркод Цена в евро Служебен тип на артикула Коз за рестрикции
  Не е изгубен Universal Decimal Classification Не е повреден заемане за дома 942694 Регионална библиотека "Любен Каравелов" Русе Регионална библиотека "Любен Каравелов" Русе Заемна - подръчен фонд 2024-04-29 Заемна - подръчен фонд 21.00 120000901714 37.02/К 78 Н 120000901714 10.74 Книги  
  Не е изгубен Universal Decimal Classification Не е повреден заемане за дома 942695 Регионална библиотека "Любен Каравелов" Русе Регионална библиотека "Любен Каравелов" Русе Заемна - подръчен фонд 2024-04-29 Заемна - подръчен фонд 21.00 120000901715 37.02/К 78 Н 120000901715 10.74 Книги  
  Не е изгубен Universal Decimal Classification Не е повреден ползва се в читалня 942999 Регионална библиотека "Любен Каравелов" Русе Регионална библиотека "Любен Каравелов" Русе Хранилище 2024-05-29 Хранилище 30.00 120000908109 Цб 322640 120000908109 15.34 Книги само за читалня
Vip Innovations Ltd, Rousse, Bulgaria 2025